| 000 | 00651nam a2200193 a 4500 | ||
|---|---|---|---|
| 001 | 000035096 | ||
| 005 | 20200930074112.0 | ||
| 008 | 111025s1984 sp ab 000 0 spa d | ||
| 040 |
_aDO-SdBNP _bspa _cBNPHU |
||
| 082 |
_axxxx _bxxxx |
||
| 100 | 1 |
_aRodríguez Adrados, Jesús V. _960763 |
|
| 245 | 1 | 0 |
_aDioses y héroes : _bmitos clásicos / _cJesús V. Rodríguez Adrados. |
| 260 |
_aBarcelona, : _bSalvat, _c1984. |
||
| 300 |
_a64 p. : _bil., map. ; _c19 cm. |
||
| 490 | 1 | _aSalvat temas clave | |
| 504 | _aBibliografía : p. 64 | ||
| 590 | _aPerteneció a la biblioteca personal de Juan Isidro Jimenes Grullón | ||
| 830 | 0 |
_aSalvat temas clave _960764 |
|
| 999 |
_c34587 _d34587 |
||